ბათუმის შოთა რუსთაველის სახელმწიფო უნივერსიტეტის ბიბლიოთეკა

დაწყებითი საფეხურის მასწავლებლის მეთოდური გზამკვლევი. (ბიბ.ჩანაწერი № 43798)

000 -LEADER
fixed length control field 01018nam a2200229Ia 4500
001 - CONTROL NUMBER
control field 10543
003 - CONTROL NUMBER IDENTIFIER
control field GE_BSU
008 - FIXED-LENGTH DATA ELEMENTS--GENERAL INFORMATION
fixed length control field 181216s||||||||xx |||||||||||||| ||und||
020 ## - INTERNATIONAL STANDARD BOOK NUMBER
International Standard Book Number 9789941030970
040 ## - CATALOGING SOURCE
Transcribing agency GE_BSU
080 ## - UNIVERSAL DECIMAL CLASSIFICATION NUMBER
Universal Decimal Classification number 373.3(479.22)(072)+371.13(479.22)
100 ## - MAIN ENTRY--PERSONAL NAME
Personal name მარიამ მირიანაშვილი, ნინო ჯაში, მაია ბლიაძე [და სხვ.]
245 ## - TITLE STATEMENT
Title დაწყებითი საფეხურის მასწავლებლის მეთოდური გზამკვლევი.
245 ## - TITLE STATEMENT
Statement of responsibility, etc. რედ. ნინო ელბაქიძე, თეა ქიტოშვილი.
260 ## - PUBLICATION, DISTRIBUTION, ETC.
Place of publication, distribution, etc. თბილისი
260 ## - PUBLICATION, DISTRIBUTION, ETC.
Date of publication, distribution, etc. 2010
300 ## - PHYSICAL DESCRIPTION
Extent 144გვ.
300 ## - PHYSICAL DESCRIPTION
Accompanying material ბიბლიოგრ.: გვ 138
653 ## - INDEX TERM--UNCONTROLLED
Uncontrolled term დაწყებითი საფეხურის მასწავლებლის მეთოდური გზამკვლევი.
942 ## - ADDED ENTRY ELEMENTS (KOHA)
Koha item type წიგნი
ეგზემპლარები
Withdrawn status Lost status Damaged status Not for loan Date acquired Barcode Date last seen Price effective from Koha item type
        2018-12-17 1330 2018-12-17 2018-12-17 წიგნი